00610nam a2200193Ia 4500008004100000020001400041082001500055100001800070245003700088250000700125260004000132300002600172500001900198600002100217650005000238942000700288952010600295999001500401240925s9999 xx 000 0 und d a201696681 a005.43 COH aCohen, Sandec 0aKai's Power Tools 3: for windows aNA aCalifornia:bPeachpit Pressc,1997. ax,182p.bNAfOriginal aIncludes Index aComputer Science aComputer science, information & general works cBK 011040708CSaUITUbUITUd2001-03-27eNAl0o005.43 COHpQ3659r2024-09-25 07:13:13w2024-09-25yBK c6158d6158